[Event "Cto Aragón Equipos Pref Gr II"]
[Site "Aragon"]
[Date "2014.03.08"]
[Round "7.54"]
[White "Aviol Perez, Jose Mariano"]
[Black "Ferreruela Romero, Jose Joaqui"]
[Result "1/2-1/2"]
[WhiteElo "1958"]
[BlackElo "2001"]
[PlyCount "143"]
[EventDate "2014.??.??"]
[WhiteTeam "Actur Rey Fernando"]
[BlackTeam "Calatayud"]

1. d4 Nf6 2. Nf3 e6 3. c4 b6 4. g3 Ba6 5. Qc2 c5 6. d5 Bb7 7. Bg2 exd5 8. Nh4
Nc6 9. O-O dxc4 10. Qxc4 d5 11. Qd3 Be7 12. Nc3 O-O 13. Nf5 d4 14. Ne4 Ne5 15.
Qc2 Bxe4 16. Bxe4 Nxe4 17. Qxe4 Bf6 18. h4 Re8 19. h5 Qd7 20. g4 Qc6 21. Qf4 d3
22. exd3 Nf3+ 23. Kh1 Re1 24. Be3 Nh4+ 25. Qe4 Qxe4+ 26. dxe4 Rxa1 27. Rxa1
Nxf5 28. exf5 Bxb2 29. Rd1 c4 30. Rd7 h6 31. Rc7 b5 32. Bxa7 Be5 33. Rb7 b4 34.
Bc5 Rxa2 35. Rxb4 c3 36. Rc4 c2 37. Be3 Bd6 38. Rc8+ Kh7 39. Kg2 Be5 40. Rc6
Rb2 41. Kf3 Ra2 42. Ke4 Bf6 43. Kd3 c1=Q 44. Rxc1 Bg5 45. f4 Ra3+ 46. Ke2 Bf6
47. g5 hxg5 48. Rg1 Be7 49. Rg2 Ra2+ 50. Kf3 Rxg2 51. Kxg2 Kh6 52. Kf3 Kxh5 53.
fxg5 Bxg5 54. Bd4 Bh6 55. Ke4 Kg4 56. Bc3 Kh5 57. Kf3 Kh4 58. Bd4 Kg5 59. Ke4
Kg4 60. Bc3 g6 61. fxg6 fxg6 62. Bf6 Bg5 63. Bd4 Bh4 64. Be3 Bd8 65. Bd2 Bb6
66. Bc1 Ba5 67. Be3 Bc3 68. Bc1 Bf6 69. Bd2 Kh4 70. Kf3 Kh3 71. Be3 Kh4 72. Kg2
1/2-1/2

[Event "Cto Aragón Equipos Pref Gr II"]
[Site "Aragon"]
[Date "2014.03.08"]
[Round "7.55"]
[White "Sanmiguel Mateo, Luis"]
[Black "Leon Dionis, Mateo"]
[Result "1-0"]
[WhiteElo "1900"]
[BlackElo "1788"]
[PlyCount "57"]
[EventDate "2014.??.??"]
[WhiteTeam "Calatayud"]
[BlackTeam "Actur Rey Fernando"]

1. e4 c6 2. d4 d5 3. Nd2 dxe4 4. Nxe4 Bf5 5. Ng3 Bg6 6. Nf3 Nd7 7. Bc4 Qc7 8.
O-O h6 9. Re1 O-O-O 10. Qe2 e6 11. a4 Ngf6 12. c3 Bd6 13. b4 Nd5 14. Bd2 h5 15.
b5 c5 16. a5 Qb8 17. Ne4 Bxe4 18. Qxe4 N7f6 19. Qe2 Ng4 20. h3 Nh6 21. Ng5 Bf4
22. dxc5 Bxd2 23. Qxd2 Nf4 24. Qe3 Nd5 25. Qe4 Qf4 26. Bxd5 Qxg5 27. Bxb7+ Kb8
28. c6 Kc7 29. Rab1 1-0

[Event "Cto Aragón Equipos Pref Gr II"]
[Site "Aragon"]
[Date "2014.03.08"]
[Round "7.56"]
[White "Fernandez Sierra, Pedro Jose"]
[Black "Garcia Arrazola, Jesus Maria"]
[Result "1-0"]
[WhiteElo "1706"]
[BlackElo "1641"]
[PlyCount "87"]
[EventDate "2014.??.??"]
[WhiteTeam "Actur Rey Fernando"]
[BlackTeam "Calatayud"]

1. e4 c5 2. Nf3 Nc6 3. d4 cxd4 4. Nxd4 g6 5. Be3 Bg7 6. Nc3 Qa5 7. Qd2 d6 8.
Nb3 Qd8 9. O-O-O Nf6 10. f3 Be6 11. Nd5 O-O 12. g4 Rc8 13. h4 Nxd5 14. exd5
Bxd5 15. Be2 Bxb3 16. axb3 Qa5 17. Qxa5 Nxa5 18. Kb1 Nc6 19. h5 g5 20. h6 Be5
21. Bxg5 Nd4 22. Rd2 Rc7 23. Be3 Ne6 24. Rh5 Bf4 25. Bxf4 Nxf4 26. Rg5+ Ng6 27.
Bc4 Kh8 28. Rh5 f6 29. Rd4 Ne5 30. Be2 Rfc8 31. c4 b5 32. f4 Nd7 33. Rxb5 Nc5
34. g5 fxg5 35. fxg5 Rg8 36. Rf4 e5 37. Rf6 Ne4 38. Re6 Rxg5 39. Bd3 Rg6 40.
Rxg6 hxg6 41. Bxe4 Kh7 42. Rb7 Rxb7 43. Bxb7 Kxh6 44. b4 1-0

[Event "Cto Aragón Equipos Pref Gr II"]
[Site "Aragon"]
[Date "2014.03.08"]
[Round "7.57"]
[White "Turon Perez, David"]
[Black "Baron Rodriguez, Jesus"]
[Result "0-1"]
[WhiteElo "1924"]
[BlackElo "2435"]
[PlyCount "30"]
[EventDate "2014.??.??"]
[WhiteTeam "Tauste B"]
[BlackTeam "IberCaja B "]

1. d4 d5 2. c4 e6 3. Nc3 Nf6 4. Bf4 dxc4 5. e4 Bb4 6. Qa4+ Nc6 7. d5 exd5 8.
exd5 Qxd5 9. Bd2 Qe5+ 10. Nge2 Be6 11. O-O-O O-O-O 12. f4 Qc5 13. a3 Bxc3 14.
Nxc3 Nd4 15. Kb1 Nb3 0-1

[Event "Cto Aragón Equipos Pref Gr II"]
[Site "Aragon"]
[Date "2014.03.08"]
[Round "7.58"]
[White "Gines Abad, Pedro"]
[Black "Muro Turon, Raul"]
[Result "1-0"]
[WhiteElo "2003"]
[BlackElo "1870"]
[PlyCount "55"]
[EventDate "2014.??.??"]
[WhiteTeam "IberCaja B "]
[BlackTeam "Tauste B"]

1. d4 Nf6 2. c4 e6 3. g3 Bb4+ 4. Bd2 Qe7 5. Bg2 Nc6 6. Bc3 d5 7. a3 Bxc3+ 8.
Nxc3 Qd8 9. c5 O-O 10. e3 b6 11. b4 Ne7 12. Nf3 bxc5 13. bxc5 c6 14. Qa4 Qc7
15. Ne5 Nd7 16. Nd3 e5 17. O-O e4 18. Nb4 Nf6 19. f3 exf3 20. Bxf3 Nf5 21. Qxc6
Qxc6 22. Nxc6 Nxe3 23. Ne7+ Kh8 24. Ncxd5 Nfxd5 25. Bxd5 Nxd5 26. Nxd5 Bb7 27.
Nc3 Rac8 28. Nb5 1-0

[Event "Cto Aragón Equipos Pref Gr II"]
[Site "Aragon"]
[Date "2014.03.08"]
[Round "7.59"]
[White "San Lazaro Lorente, David"]
[Black "Gines Esteo, Pedro Antonio"]
[Result "0-1"]
[WhiteElo "1778"]
[BlackElo "1778"]
[PlyCount "112"]
[EventDate "2014.??.??"]
[WhiteTeam "Tauste B"]
[BlackTeam "IberCaja B "]

1. d4 Nf6 2. c4 e6 3. Nf3 Bb4+ 4. Bd2 Qe7 5. a3 Bxd2+ 6. Nbxd2 d6 7. e3 Nbd7 8.
Be2 b6 9. O-O O-O 10. Qc2 e5 11. dxe5 Nxe5 12. Nxe5 Qxe5 13. Nf3 Qe7 14. Nd4
Bb7 15. Bf3 Bxf3 16. Nxf3 Qe4 17. Qe2 Qg4 18. Rfd1 Rfe8 19. Rd4 Re4 20. Rad1
Rae8 21. Qc2 Qg6 22. Qa4 a5 23. Qc6 R4e7 24. h3 Qf5 25. Rf4 Qd7 26. Nd4 Qxc6
27. Nxc6 Re4 28. Rd4 Kf8 29. Kf1 Rxf4 30. Rxf4 Re4 31. Rxe4 Nxe4 32. Ke2 Ke8
33. f3 Nc5 34. b4 axb4 35. axb4 Ne6 36. Kd3 Kd7 37. b5 Nc5+ 38. Kd4 Nb3+ 39.
Kd5 Nd2 40. Nd4 Nf1 41. Nc2 Ng3 42. Ne1 Nf5 43. Ke4 Ke6 44. g4 Ne7 45. Nd3 d5+
46. cxd5+ Nxd5 47. Nf4+ Nxf4 48. exf4 Kd6 49. Kd4 c5+ 50. bxc6 Kxc6 51. h4 f6
52. f5 b5 53. f4 h6 54. g5 Kd6 55. h5 Kc6 56. Kc3 Kc5 0-1

[Event "Cto Aragón Equipos Pref Gr II"]
[Site "Aragon"]
[Date "2014.03.08"]
[Round "7.60"]
[White "Torcal Miguel, Oscar"]
[Black "Menjon Usan, Miguel"]
[Result "1-0"]
[WhiteElo "1697"]
[BlackElo "1719"]
[PlyCount "73"]
[EventDate "2014.??.??"]
[WhiteTeam "IberCaja B "]
[BlackTeam "Tauste B"]

1. e4 e6 2. d4 d5 3. e5 a6 4. Qg4 Nc6 5. c3 g6 6. Bd3 Bg7 7. f4 Nh6 8. Qg3 Ne7
9. Nf3 Nhf5 10. Qf2 Bd7 11. g4 Nh6 12. h3 c6 13. b3 Qa5 14. Ba3 Nhg8 15. Bb4
Qc7 16. c4 Qb6 17. Qd2 Qd8 18. Nc3 b6 19. Rg1 Bh6 20. Rf1 Qc8 21. Na4 Qb7 22.
Bd6 Nc8 23. c5 b5 24. Nc3 Nxd6 25. cxd6 f6 26. g5 fxg5 27. fxg5 Bg7 28. Nh2
O-O-O 29. a4 h6 30. Rf7 Rh7 31. Bxg6 Rh8 32. Rxg7 hxg5 33. axb5 cxb5 34. Rc1
Kb8 35. Qxg5 Qb6 36. Bh7 Qxd4 37. Qxd8+ 1-0

[Event "Cto Aragón Equipos Pref Gr II"]
[Site "Aragon"]
[Date "2014.03.08"]
[Round "7.61"]
[White "Hinojar Basa, Alfonso"]
[Black "Fuertes Garay, Javier"]
[Result "1-0"]
[WhiteElo "2201"]
[BlackElo "2097"]
[PlyCount "67"]
[EventDate "2014.??.??"]
[WhiteTeam "Marcos Frechin"]
[BlackTeam "ONCE CA Aragon B"]

1. e4 e5 2. Nf3 Nc6 3. Bb5 a6 4. Ba4 Nf6 5. Qe2 b5 6. Bb3 Be7 7. c3 O-O 8. d4
d6 9. Nbd2 exd4 10. cxd4 Bg4 11. Qe3 Na5 12. Bc2 Bh5 13. O-O Re8 14. Ne1 c5 15.
Nd3 cxd4 16. Qxd4 Rc8 17. Bb1 Nc6 18. Qe3 d5 19. e5 Nd7 20. Qh3 Bg6 21. f4 Nd4
22. Kh1 Bf5 23. g4 Be4+ 24. Nxe4 dxe4 25. Nf2 Nc5 26. Rd1 Qd5 27. Be3 Nd3 28.
Qg2 Nc2 29. Rxd3 Nxe3 30. Rxd5 Rc1+ 31. Nd1 Nxd1 32. Qd2 Rec8 33. Qxd1 e3 34.
Bxh7+ 1-0

[Event "Cto Aragón Equipos Pref Gr II"]
[Site "Aragon"]
[Date "2014.03.08"]
[Round "7.62"]
[White "Sanz Lopez, Ruben"]
[Black "Sebastian Bespin, Ruben"]
[Result "0-1"]
[WhiteElo "1955"]
[BlackElo "2153"]
[PlyCount "94"]
[EventDate "2014.??.??"]
[WhiteTeam "ONCE CA Aragon B"]
[BlackTeam "Marcos Frechin"]

1. d4 e6 2. Nf3 d5 3. e3 Nf6 4. Bd3 Be7 5. O-O b6 6. Nbd2 Bb7 7. b3 Nbd7 8. Bb2
O-O 9. Ne5 Nxe5 10. dxe5 Nd7 11. c4 dxc4 12. Bxc4 c5 13. f4 Qc7 14. Qe2 a6 15.
a4 Qc6 16. Rf3 f5 17. Rh3 g6 18. Nf3 Kg7 19. Rg3 Rg8 20. Rd1 h6 21. Bxe6 Qxe6
22. Rxd7 Bc6 23. Rd6 Bxd6 24. exd6+ Kh7 25. h4 Bxf3 26. Qxf3 Qe4 27. Qd1 Rad8
28. Be5 Rd7 29. Qe2 a5 30. Qb5 Qb7 31. Qc4 Rf7 32. Qe6 Qd7 33. Qd5 Re8 34. h5
gxh5 35. Qf3 Rg8 36. Rxg8 Kxg8 37. Qxh5 Kh7 38. Qf3 Qb7 39. Qh5 Qd7 40. Qe2 Rf8
41. e4 Rg8 42. exf5 Qxf5 43. Qf3 h5 44. Qb7+ Kh6 45. Qxb6 Qe4 46. d7+ Kh7 47.
Bg7 Rxg7 0-1

[Event "Cto Aragón Equipos Pref Gr II"]
[Site "Aragon"]
[Date "2014.03.08"]
[Round "7.63"]
[White "Jario Garcia, Ricardo"]
[Black "Ferrer Echavarri, Fco Javier"]
[Result "0-1"]
[WhiteElo "2120"]
[BlackElo "1933"]
[PlyCount "68"]
[EventDate "2014.??.??"]
[WhiteTeam "Marcos Frechin"]
[BlackTeam "ONCE CA Aragon B"]

1. e4 c5 2. Nf3 Nc6 3. d3 e6 4. g3 d5 5. Qe2 Be7 6. Bg2 b6 7. O-O Bb7 8. c3 h5
9. Na3 Nf6 10. Re1 Qd7 11. Ng5 g6 12. h4 Kf8 13. e5 Ng4 14. Bf4 Kg7 15. Nc2
Rae8 16. Bh3 Nh6 17. Ne3 d4 18. Nc4 Nf5 19. Ne4 Rhf8 20. Qd2 Rh8 21. Bg5 Rd8
22. Rad1 b5 23. Nf6 Qc7 24. Na3 Nxe5 25. Rxe5 Qxe5 26. Re1 Ne3 27. Bf4 Qxf6 28.
fxe3 e5 29. Bg5 Qf3 30. Bg2 Qxg3 31. Bxe7 Bxg2 32. Qxg2 Qxe1+ 33. Kh2 Rd7 34.
Bxc5 Qxh4+ 0-1

[Event "Cto Aragón Equipos Pref Gr II"]
[Site "Aragon"]
[Date "2014.03.08"]
[Round "7.64"]
[White "Landa Garriga, Francisco Javie"]
[Black "Ciriano Lamban, Alejandro"]
[Result "0-1"]
[WhiteElo "1857"]
[BlackElo "1818"]
[PlyCount "38"]
[EventDate "2014.??.??"]
[WhiteTeam "ONCE CA Aragon B"]
[BlackTeam "Marcos Frechin"]

1. e4 e5 2. Nf3 Nc6 3. d4 exd4 4. Bc4 Bc5 5. c3 Nf6 6. e5 d5 7. Bb5 Ne4 8. Nxd4
O-O 9. Bxc6 bxc6 10. O-O Ba6 11. Re1 f6 12. Be3 fxe5 13. Ne6 Bxe3 14. fxe3 Qf6
15. Nxf8 Qf2+ 16. Kh1 Rxf8 17. h3 Ng3+ 18. Kh2 Nf1+ 19. Kh1 Qg3 0-1

[Event "Cto Aragón Equipos Pref Gr II"]
[Site "Aragon"]
[Date "2014.03.08"]
[Round "7.66"]
[White "Antonano Fedz-Quincoces, Aveli"]
[Black "Bailo Remacha, Santiago"]
[Result "0-1"]
[WhiteElo "2047"]
[BlackElo "2016"]
[PlyCount "60"]
[EventDate "2014.??.??"]
[WhiteTeam "St. Casablanca C"]
[BlackTeam "El Olivar C"]

1. e4 c5 2. Nf3 d6 3. d4 cxd4 4. Nxd4 Nf6 5. Nc3 a6 6. g3 g6 7. Bg2 Bg7 8. O-O
O-O 9. a4 e6 10. Be3 Qc7 11. a5 Nc6 12. Nb3 Nd7 13. f4 b6 14. f5 bxa5 15. Nd4
Nde5 16. f6 Bh8 17. Nxc6 Qxc6 18. Ne2 Nc4 19. Nd4 Qc7 20. Qc1 Rb8 21. b3 Nxe3
22. Qxe3 e5 23. Nf5 Bxf5 24. Rxf5 Qxc2 25. Qh6 Rfc8 26. Raf1 gxf5 27. Bh3 Bxf6
28. Qxf6 Qxe4 29. Bxf5 Qe3+ 30. Kh1 Rc7 0-1

[Event "Cto Aragón Equipos Pref Gr II"]
[Site "Aragon"]
[Date "2014.03.08"]
[Round "7.68"]
[White "Alvarez Gonzalo, Miguel Angel"]
[Black "Requena Munguira, Jorge"]
[Result "1-0"]
[WhiteElo "1968"]
[BlackElo "1950"]
[PlyCount "65"]
[EventDate "2014.??.??"]
[WhiteTeam "St. Casablanca C"]
[BlackTeam "El Olivar C"]

1. c4 e6 2. g3 d5 3. cxd5 exd5 4. Bg2 Nf6 5. Nf3 Bd6 6. O-O O-O 7. Nc3 c6 8. d3
Bg4 9. h3 Bf5 10. g4 Bg6 11. Nh4 Nbd7 12. Nxg6 hxg6 13. Bg5 Qa5 14. Bd2 Qa6 15.
Qc2 Rfe8 16. e4 dxe4 17. dxe4 Nc5 18. Be3 Ne6 19. Rfd1 Bf4 20. Rd3 Bxe3 21.
fxe3 Nc5 22. Rd4 Nfd7 23. b4 Rad8 24. bxc5 Nxc5 25. Rad1 Rc8 26. Ne2 g5 27. Ng3
Ne6 28. Rd7 g6 29. Qf2 Rf8 30. e5 b5 31. Ne4 Rcd8 32. Rxd8 Nxd8 33. Nxg5 1-0

[Event "Cto Aragón Equipos Pref Gr II"]
[Site "Aragon"]
[Date "2014.03.08"]
[Round "7.69"]
[White "Planas Torrea, Francisco Javie"]
[Black "Malo Guillen, Jose Luis"]
[Result "1-0"]
[WhiteElo "2034"]
[BlackElo "2211"]
[PlyCount "97"]
[EventDate "2014.??.??"]
[WhiteTeam "Ejea"]
[BlackTeam "Las Fuentes"]

1. d4 Nf6 2. c4 e5 3. dxe5 Ng4 4. Nf3 Bc5 5. e3 Nc6 6. Nc3 O-O 7. Be2 Re8 8.
O-O Ngxe5 9. a3 a5 10. b3 Nxf3+ 11. Bxf3 Ne5 12. Bb2 Ra6 13. Ne4 Ba7 14. Bd4
Bb8 15. Nc5 Rh6 16. Bxb7 Qh4 17. h3 Rg6 18. Be4 d6 19. Bxg6 Nxg6 20. Nd3 c5 21.
Bb2 Bxh3 22. Nf4 Nxf4 23. exf4 Bxg2 24. Kxg2 Re6 25. Re1 Rg6+ 26. Kf1 Qh3+ 27.
Ke2 d5 28. Be5 Bxe5 29. fxe5 d4 30. Qd3 Qg4+ 31. Kd2 Qf4+ 32. Kc2 Rg2 33. Re2
Rxf2 34. Rxf2 Qxf2+ 35. Qd2 Qf5+ 36. Kb2 Qxe5 37. Re1 Qb8 38. Qxa5 Qh2+ 39. Kb1
h5 40. Qxc5 Qh3 41. Qxd4 Qxb3+ 42. Qb2 Qxc4 43. Re8+ Kh7 44. Qc2+ Qxc2+ 45.
Kxc2 h4 46. a4 h3 47. a5 g5 48. a6 h2 49. Re1 1-0

[Event "Cto Aragón Equipos Pref Gr II"]
[Site "Aragon"]
[Date "2014.03.08"]
[Round "7.70"]
[White "Alonso Blasco, Jose Miguel"]
[Black "Planas Torrea, Alberto"]
[Result "0-1"]
[WhiteElo "2105"]
[BlackElo "1920"]
[PlyCount "64"]
[EventDate "2014.??.??"]
[WhiteTeam "Las Fuentes"]
[BlackTeam "Ejea"]

1. e4 e5 2. Nf3 Nc6 3. Bb5 Nge7 4. c3 d6 5. d4 Bd7 6. O-O Ng6 7. Re1 Be7 8.
Nbd2 Bf6 9. Nf1 a6 10. Bc4 Na5 11. Bd3 c5 12. dxc5 dxc5 13. Be3 Qe7 14. h3 O-O
15. Qe2 Rfd8 16. b4 cxb4 17. Bb6 Nf4 18. Qc2 Bxh3 19. Bxa5 Rxd3 20. Re3 Rxe3
21. fxe3 Bxg2 22. Bxb4 Qe6 23. exf4 Bxf3 24. f5 Qb6+ 25. Kh2 Bg5 26. Kg3 Bh5
27. Kh2 Bf4+ 28. Kg2 Qf6 29. Ng3 Qg5 30. Qf2 Rd8 31. Rh1 Rd2 32. Qxd2 Qxg3+ 0-1

[Event "Cto Aragón Equipos Pref Gr II"]
[Site "Aragon"]
[Date "2014.03.08"]
[Round "7.71"]
[White "Marcellan Peire, Jesus Eduardo"]
[Black "Mombiela De Sus, Jose Luis"]
[Result "0-1"]
[WhiteElo "1886"]
[BlackElo "2050"]
[PlyCount "62"]
[EventDate "2014.??.??"]
[WhiteTeam "Ejea"]
[BlackTeam "Las Fuentes"]

1. d4 f5 2. g3 Nf6 3. Bg2 e6 4. Nh3 Be7 5. O-O O-O 6. c4 d6 7. Nf4 c6 8. Nc3 e5
9. dxe5 dxe5 10. Nd3 Qc7 11. Qc2 Be6 12. b3 Nbd7 13. e3 Rad8 14. Bb2 Ng4 15.
Ne2 Bf6 16. h3 Nh6 17. Rad1 Nf7 18. b4 Ng5 19. h4 Ne4 20. f4 Bf7 21. fxe5 Nxe5
22. Rxf5 Nxd3 23. Bxf6 Nxf6 24. Rxd3 Bg6 25. e4 Bxf5 26. exf5 Qb6+ 27. Kf1 Qxb4
28. Nf4 Rde8 29. Ne6 Ng4 30. Rb3 Qa5 31. Rf3 Rxe6 0-1

[Event "Cto Aragón Equipos Pref Gr II"]
[Site "Aragon"]
[Date "2014.03.08"]
[Round "7.72"]
[White "Javierre Conesa, Alfonso"]
[Black "Galvez Longas, Isaac"]
[Result "1-0"]
[WhiteElo "1989"]
[BlackElo "1708"]
[PlyCount "95"]
[EventDate "2014.??.??"]
[WhiteTeam "Las Fuentes"]
[BlackTeam "Ejea"]

1. d4 Nf6 2. c4 e5 3. dxe5 Ng4 4. Nf3 Nc6 5. e3 Ngxe5 6. Be2 Bb4+ 7. Nbd2 d6 8.
O-O Bg4 9. a3 Bxd2 10. Nxd2 Bxe2 11. Qxe2 Qh4 12. b3 O-O-O 13. Bb2 Rde8 14. Nf3
Qg4 15. Nd4 Nxd4 16. Qxg4+ Nxg4 17. Bxd4 f6 18. Rad1 Re6 19. Rd2 Rhe8 20. Rfd1
b6 21. h3 Ne5 22. Bxe5 Rxe5 23. Kf1 f5 24. Rd4 Re4 25. Ke2 Kd7 26. Kf3 Rxd4 27.
Rxd4 Ke6 28. h4 Kf6 29. g3 g6 30. Rf4 Re5 31. e4 g5 32. hxg5+ Kxg5 33. exf5
Rxf5 34. Rxf5+ Kxf5 35. Ke3 c6 36. f3 h5 37. Kd4 Ke6 38. Ke4 a6 39. a4 a5 40.
Kf4 Kf6 41. g4 hxg4 42. fxg4 Kg6 43. g5 Kf7 44. Kf5 d5 45. cxd5 c5 46. g6+ Ke7
47. Ke5 b5 48. d6+ 1-0

[Event "Cto Aragón Equipos  Div Honor F. Titulo"]
[Site "Aragon"]
[Date "2014.03.15"]
[Round "8.1"]
[White "Lana Rodriguez, David"]
[Black "Forcen Esteban, Daniel"]
[Result "0-1"]
[WhiteElo "2309"]
[BlackElo "2501"]
[PlyCount "110"]
[EventDate "2014.??.??"]
[WhiteTeam "Helios"]
[BlackTeam "Jaime Casas"]

1. f4 c5 2. Nf3 d5 3. b3 Nf6 4. Bb2 e6 5. e3 Bd6 6. Ne5 O-O 7. g3 Ne8 8. Bd3
Nd7 9. O-O f5 10. Be2 Nxe5 11. fxe5 Be7 12. Bf3 Nc7 13. a4 b6 14. a5 b5 15. d3
Rb8 16. Qe1 Ba6 17. Rf2 b4 18. c4 bxc3 19. Qxc3 d4 20. exd4 Nd5 21. Bxd5 Qxd5
22. Nd2 cxd4 23. Qxd4 Bc5 24. Qxd5 Bxf2+ 25. Kxf2 exd5 26. Bd4 Rb7 27. Bc5 Rc8
28. d4 Kf7 29. b4 g5 30. Nf3 h6 31. h4 Kg6 32. e6 gxh4 33. gxh4 Rg7 34. Rg1+
Kf6 35. Rxg7 Kxg7 36. Ne5 Kf6 37. e7 Bb5 38. Bxa7 Rc2+ 39. Kf3 Kxe7 40. Ng6+
Kf7 41. Nf4 Rc3+ 42. Kf2 Bc4 43. Bc5 Ra3 44. Kg2 Ra1 45. Bd6 Re1 46. Bc5 Re8
47. Kf2 Rg8 48. Ng2 Ke6 49. a6 Bxa6 50. Nf4+ Kf7 51. Nxd5 Bb7 52. Ne3 Ke6 53.
b5 f4 54. Nc4 Bd5 55. Nd6 Rd8 0-1

[Event "Cto Aragón Equipos  Div Honor F. Titulo"]
[Site "Aragon"]
[Date "2014.03.15"]
[Round "8.2"]
[White "Garza Marco, Sergio"]
[Black "Guzman Moneo, Alberto"]
[Result "1-0"]
[WhiteElo "2447"]
[BlackElo "2170"]
[PlyCount "99"]
[EventDate "2014.??.??"]
[WhiteTeam "Jaime Casas"]
[BlackTeam "Helios"]

1. d4 d5 2. Bf4 e6 3. e3 Bd6 4. Bg3 Nf6 5. Nd2 b6 6. Ngf3 Bb7 7. Bb5+ Nc6 8.
Ne5 Bxe5 9. dxe5 Nd7 10. Qg4 Qe7 11. Bh4 f6 12. exf6 gxf6 13. Qa4 Nc5 14. Bxc6+
Kf7 15. Qf4 Bxc6 16. Nf3 Nd7 17. O-O-O e5 18. Qf5 h6 19. Bg3 Rag8 20. Qh5+ Kf8
21. Nh4 Qf7 22. Qe2 Nc5 23. f4 e4 24. Kb1 f5 25. Be1 a5 26. Bc3 Rh7 27. Bd4 Ne6
28. Be5 Rg4 29. g3 Nc5 30. h3 Rxg3 31. Rdg1 Rxg1+ 32. Rxg1 Ke8 33. Rg6 Ne6 34.
Rf6 Qg8 35. Qh5+ Kd7 36. Rg6 Qe8 37. Qxf5 Rf7 38. Qg4 h5 39. Qd1 d4 40. f5 Rxf5
41. Bxd4 Nxd4 42. Nxf5 Qxg6 43. Nxd4 Qd6 44. Qxh5 Kc8 45. Qf5+ Kb8 46. b3 a4
47. Qe5 Qd7 48. h4 axb3 49. axb3 Kb7 50. h5 1-0

[Event "Cto Aragón Equipos  Div Honor F. Titulo"]
[Site "Aragon"]
[Date "2014.03.15"]
[Round "8.3"]
[White "Navarro Alonso, Jorge"]
[Black "Antoli Royo, Joaquin Miguel"]
[Result "0-1"]
[WhiteElo "2153"]
[BlackElo "2418"]
[PlyCount "82"]
[EventDate "2014.??.??"]
[WhiteTeam "Helios"]
[BlackTeam "Jaime Casas"]

1. e4 c5 2. Nc3 Nc6 3. Nf3 d6 4. d4 cxd4 5. Nxd4 e5 6. Nb3 Be7 7. Be2 Nf6 8.
O-O O-O 9. f4 exf4 10. Bxf4 Be6 11. Kh1 Rc8 12. Qd2 d5 13. exd5 Nxd5 14. Nxd5
Qxd5 15. Qxd5 Bxd5 16. Rad1 Be6 17. c3 Rfe8 18. Rfe1 a5 19. Bb5 Bg4 20. Be2 Be6
21. Bb5 Bh4 22. g3 Be7 23. Kg2 Red8 24. Kf2 g5 25. Be3 Rxd1 26. Rxd1 Ne5 27.
Bb6 Bc4 28. Bxc4 Nxc4 29. Rd7 Bf8 30. Rxb7 a4 31. Nd4 Nxb2 32. Nf5 Nd1+ 33. Kf3
Nxc3 34. Kg4 Ne4 35. Bd4 h6 36. Kh5 Rd8 37. Ba1 Rd2 38. Rb8 Rxa2 39. Bg7 Kh7
40. Rxf8 Rxh2+ 41. Kg4 Kg6 0-1

[Event "Cto Aragón Equipos  Div Honor F. Titulo"]
[Site "Aragon"]
[Date "2014.03.15"]
[Round "8.4"]
[White "Fontana Sotomayor, Luis Javier"]
[Black "Cerrajeria Ruiz, Jesus Maria"]
[Result "0-1"]
[WhiteElo "2323"]
[BlackElo "2140"]
[PlyCount "90"]
[EventDate "2014.??.??"]
[WhiteTeam "Jaime Casas"]
[BlackTeam "Helios"]

1. e4 c5 2. Nc3 Nc6 3. g3 g6 4. Bg2 Bg7 5. d3 e6 6. f4 Nge7 7. Nf3 d5 8. e5 Nf5
9. Ne2 h5 10. h3 Qa5+ 11. c3 b5 12. O-O Bd7 13. Qe1 c4 14. d4 b4 15. g4 Nfe7
16. Ng5 hxg4 17. hxg4 b3 18. Kf2 Ng8 19. Rh1 Rxh1 20. Qxh1 Nh6 21. Bf3 bxa2 22.
Ng3 Rb8 23. Nh7 Ng8 24. f5 Nxe5 25. dxe5 Bxe5 26. fxg6 fxg6 27. Ne2 Bg7 28. g5
Ke7 29. Nf4 Rxb2+ 30. Bxb2 Qb6+ 31. Kg3 Qxb2 32. Nxg6+ Kd6 33. Nf6 Nxf6 34.
gxf6 Bxf6 35. Rxa2 Qxa2 36. Qh6 Bxc3 37. Qf8+ Kc7 38. Qc5+ Bc6 39. Qe7+ Bd7 40.
Nf8 Be5+ 41. Kg4 Qa4 42. Nxe6+ Kb6 43. Bxd5 Qd1+ 44. Bf3 Qd6 45. Qxd6+ Bxd6 0-1

[Event "Cto Aragón Equipos  Div Honor F. Titulo"]
[Site "Aragon"]
[Date "2014.03.15"]
[Round "8.6"]
[White "Villuendas Valero, Adrian"]
[Black "Quintin Navarro, Alberto"]
[Result "1-0"]
[WhiteElo "2276"]
[BlackElo "2320"]
[PlyCount "67"]
[EventDate "2014.??.??"]
[WhiteTeam "St. Casablanca B"]
[BlackTeam "St. Casablanca"]

1. Nf3 Nf6 2. c4 g6 3. g3 Bg7 4. Bg2 O-O 5. O-O d6 6. Nc3 e5 7. d4 Nbd7 8. Qc2
Qe7 9. Rd1 c6 10. b3 exd4 11. Nxd4 Nc5 12. Bf4 Ne8 13. Qd2 Ne6 14. Nxe6 fxe6
15. Rac1 e5 16. Be3 Bf5 17. b4 a6 18. b5 axb5 19. cxb5 e4 20. bxc6 bxc6 21. Nb5
Qe5 22. Nd4 c5 23. Nb5 Qe6 24. Rc2 Be5 25. f4 Bf6 26. Nxd6 Rd8 27. Nxe8 Rxd2 (
27... Rfxe8 28. Qc1 Bd4 29. Bxd4 cxd4) 28. Nxf6+ Qxf6 29. Rdxd2 Rc8 30. Rc4 h5
31. h4 Ra8 32. Rxc5 Qa1+ 33. Kf2 Rxa2 34. Rc1 1-0

[Event "Cto Aragón Equipos  Div Honor F. Titulo"]
[Site "Aragon"]
[Date "2014.03.15"]
[Round "8.7"]
[White "Sanchez Herrera, Miguel"]
[Black "Gimenez Martinez, Alberto"]
[Result "0-1"]
[WhiteElo "2126"]
[BlackElo "2180"]
[PlyCount "92"]
[EventDate "2014.??.??"]
[WhiteTeam "St. Casablanca"]
[BlackTeam "St. Casablanca B"]

1. d4 Nf6 2. Nf3 d5 3. e3 Bf5 4. Bd3 Bxd3 5. cxd3 e6 6. O-O c5 7. Qc2 Nbd7 8.
e4 cxd4 9. Nxd4 Bc5 10. Nf3 dxe4 11. dxe4 O-O 12. Bg5 Qb6 13. Nc3 Rac8 14. a3
Qc6 15. Rad1 b5 16. e5 Ng4 17. Bf4 f6 18. exf6 Rxf6 19. Qd3 Nb6 20. Ng5 g6 21.
Bg3 Nc4 22. Nce4 Rf5 23. Qd7 Qxd7 24. Rxd7 Bb6 25. h3 Nge3 26. Re1 Nd5 27. Nxe6
Nf6 28. Nxf6+ Rxf6 29. Ng5 h6 30. Nf3 Rf7 31. Rxf7 Kxf7 32. Ne5+ Nxe5 33. Bxe5
Rc2 34. Rf1 Ke6 35. Bg7 h5 36. g3 Kd5 37. Kg2 Kc4 38. Kf3 Kb3 39. h4 a5 40. Be5
Rd2 41. Kf4 Re2 42. f3 Be3+ 43. Ke4 Bc1+ 44. Kd3 Rd2+ 45. Ke4 Bxb2 46. Bxb2
Kxb2 0-1

[Event "Cto Aragón Equipos  Div Honor F. Titulo"]
[Site "Aragon"]
[Date "2014.03.15"]
[Round "8.8"]
[White "Jaques Burguete, Raul"]
[Black "Chueca Lorente, Javier"]
[Result "1-0"]
[WhiteElo "2023"]
[BlackElo "1846"]
[PlyCount "91"]
[EventDate "2014.??.??"]
[WhiteTeam "St. Casablanca B"]
[BlackTeam "St. Casablanca"]

1. e4 c5 2. Nf3 g6 3. g3 Bg7 4. Bg2 Nc6 5. c3 d6 6. O-O Nf6 7. d3 O-O 8. Ng5 d5
9. exd5 Nxd5 10. Qb3 Nb6 11. Be3 Qxd3 12. Bxc5 Qf5 13. Be3 h6 14. Be4 Qf6 15.
Nf3 Be6 16. Qc2 Bc4 17. Re1 Rfd8 18. Nbd2 Bd5 19. Bxb6 axb6 20. Bxd5 Rxd5 21.
Qb3 Rad8 22. Rad1 Na5 23. Qb4 e5 24. Kg2 Bf8 25. Qe4 Nc6 26. Qe3 Kg7 27. Ne4
Qe6 28. Rxd5 Qxd5 29. Qxb6 f5 30. c4 Qxc4 31. Qxb7+ Be7 32. Nc3 Qc5 33. Qb5 e4
34. Ng1 Qd6 35. Rd1 Nd4 36. Qa4 Qe5 37. Nce2 Nxe2 38. Rxd8 Bxd8 39. Nxe2 Be7
40. Qd7 Kf7 41. Nf4 e3 42. fxe3 Qxe3 43. Qd5+ Kf6 44. Qc6+ Ke5 45. Qe6+ Kd4 46.
Qd5# 1-0